Das Hosianna der Tochter Zions in den Tagen der Zukunfft Christi, Oder Geistliche Cantaten aus denen Sonntags-Episteln und Evangelien zur heiligen Advents-Zeit

Saved in:  
Bibliographic Details
Main Author: Schmolck, Benjamin 1672-1737 (Author)
Contributors: Reyher, Johann Andreas 1681-1759 (Printer)
Format: Electronic Book
Language:German
Check availability: HBZ Gateway
WorldCat: WorldCat
Interlibrary Loan:Interlibrary Loan for the Fachinformationsdienste (Specialized Information Services in Germany)
Published: Gotha Reyher 1728
In:Year: 1728
Further subjects:B Libretto
Online Access: Volltext (kostenfrei)
Rights Information:PDM 1.0
Parallel Edition:Non-electronic
Sammlungen:

MARC

LEADER 00000cam a2200000 c 4500
001 1698343418
003 DE-627
005 20250505213835.0
007 cr c|||||m|aap
008 200515s1728 gw |||||o 00| ||ger c
024 7 |a urn:nbn:de:urmel-eaa1bd6a-2081-4da7-b5a8-a58c7da6c8d10  |2 urn 
026 |e n?h? n.rt t.t, HoKo 3 1728A  |2 fei  |5 GBV 
035 |a (DE-627)1698343418 
035 |a (DE-599)KXP1698343418 
035 |a (OCoLC)1184519040 
040 |a DE-627  |b ger  |c DE-627  |e rakwb 
041 |a ger 
044 |c XA-DE-TH 
100 1 |e VerfasserIn  |0 (DE-588)118759965  |0 (DE-627)079539955  |0 (DE-576)209417633  |4 aut  |a Schmolck, Benjamin  |d 1672-1737 
109 |a Schmolck, Benjamin 1672-1737  |a Schmolck, Benjamin F. 1672-1737  |a Schmolch, Benjamin 1672-1737  |a Schmolk, Benjamin 1672-1737  |a Schmolcke, Benjamin 1672-1737  |a Schmolke, Benjamin 1672-1737  |a Schmolcken, Benjamin 1672-1737  |a Schmolken, Benjamin 1672-1737  |a Schmolck, Benj. 1672-1737  |a Schmolka, Benjamin 1672-1737 
245 1 4 |a Das Hosianna der Tochter Zions in den Tagen der Zukunfft Christi, Oder Geistliche Cantaten aus denen Sonntags-Episteln und Evangelien zur heiligen Advents-Zeit  |c verfertiget von Benjamin Schmolck 
246 3 0 |a Zukunft Kantaten 
256 |a TIFF, Vers.6.0, 300 dpi, 24 bit (farbig); Digitalisierungsvorlage: Primärausgabe 
264 1 |a Gotha  |b Reyher  |c 1728 
300 |a 20 S  |c 8° 
336 |a Text  |b txt  |2 rdacontent 
337 |a Computermedien  |b c  |2 rdamedia 
338 |a Online-Ressource  |b cr  |2 rdacarrier 
500 |a Fingerprint nach dem Ex. der FB Gotha 
500 |a Vorlageform der Veröffentlichungsangabe: Gotha, druckts Joh. Andreas Reyher, F. S. Hof-Buchdr. 
506 0 |q DE-39  |a Open Access  |e Controlled Vocabulary for Access Rights  |u http://purl.org/coar/access_right/c_abf2 
533 |a Online-Ausgabe  |b Gotha  |c Forschungsbibliothek Gotha  |d 2020  |e 1 Online-Ressource  |f Gesangbuch  |7 |2020|||||||||| 
535 1 |a FB Gotha  |3 Cant.spir 8° 00889 
540 |q DE-39  |a Public Domain Mark 1.0  |f PDM 1.0  |2 cc  |u https://creativecommons.org/publicdomain/mark/1.0/ 
583 1 |a Archivierung/Langzeitarchivierung gewährleistet  |k DE-27  |x XA-DE-TH  |2 pdager  |5 DE-39 
601 |a Geistlicher 
601 |a Evangeliar 
655 7 |a Libretto  |0 (DE-627)096632208  |2 local 
700 1 |0 (DE-588)1024252663  |0 (DE-627)719451876  |0 (DE-576)368189872  |4 prt  |a Reyher, Johann Andreas  |d 1681-1759 
776 0 8 |i Elektronische Reproduktion von  |a Schmolck, Benjamin, 1672 - 1737  |t Das Hosianna der Tochter Zions in den Tagen der Zukunfft Christi, Oder Geistliche Cantaten aus denen Sonntags-Episteln und Evangelien zur heiligen Advents-Zeit  |d Gotha : Reyher, 1728  |h 20 S  |w (DE-627)480415722  |w (DE-576)9480415720  |n FB Gotha -- Cant.spir 8° 00889  |k Non-Electronic 
856 4 0 |u https://nbn-resolving.org/urn:nbn:de:urmel-eaa1bd6a-2081-4da7-b5a8-a58c7da6c8d10  |x Langzeitarchivierung  |z kostenfrei  |7 0 
935 |a FBGO  |a mteo 
951 |a BO 
ELC |a 1 
LOK |0 000 xxxxxcx a22 zn 4500 
LOK |0 001 454944214X 
LOK |0 003 DE-627 
LOK |0 004 1698343418 
LOK |0 005 20240711134842 
LOK |0 008 240711||||||||||||||||ger||||||| 
LOK |0 040   |a DE-Tue135  |c DE-627  |d DE-Tue135 
LOK |0 092   |o n 
LOK |0 852   |a DE-Tue135 
LOK |0 852 1  |9 00 
LOK |0 866   |x SPQUE#Forschungsbibliothek Gotha#SPSAM#Geistliche Lieder (Cant. Spir.) 
LOK |0 935   |a FBGO  |a gocs 
LOK |0 939   |a 11-07-24  |b l01 
OAS |a 1 
ORI |a SA-MARC-ixtheoa001.raw